| 000 | 00453 a2200181 4500 | ||
|---|---|---|---|
| 005 | 20250614060427.0 | ||
| 020 | _a0-256-11591-5 | ||
| 082 | _a658.4 BOW | ||
| 100 | _aBOWER, L. J. | ||
| 245 | _aBusiness Policy | ||
| 250 | _a8th Ed. | ||
| 260 |
_aBoston _bMcGraw-Hill Irwin |
||
| 300 |
_axi,883p.:ill.;Charts _bIndex _c24 cm |
||
| 700 | _aChristopher A. Bartlett | ||
| 700 | _aRichard E. Walton | ||
| 700 | _aHugo E.R. Uyterhoeven | ||
| 942 |
_2ddc _cBKS |
||
| 999 |
_c4017 _d4017 |
||